| 000 | 01113nam a2200205Ia 4500 | ||
|---|---|---|---|
| 003 | Ost | ||
| 005 | 20260507075128.0 | ||
| 008 | 260507s9999||||xx |||||||||||||| ||und|| | ||
| 040 | _cfsecg | ||
| 041 | _aara | ||
| 082 | _a330 | ||
| 100 |
_aفريد، النجار _eمؤلف |
||
| 245 | 0 |
_aتكنولوجيا السلوكيات الإقتصادية والتنظيمية(الذكاء السلوكي) / _c النجار فريد |
|
| 260 |
_aالإسكندرية: _bمؤسسة شباب الجامعة, _c1999 |
||
| 300 |
_a485 صفحة؛ _c24 سم |
||
| 520 | _aتكنولوجيا السلوكيات الإقتصادية:الأسس العلمية-منظومات تكنولوجيا السلوكيات الفردية:الذكاء السلوكي-منظومات تكنولوجيا السلوك الجماعي:الإتحاد القوة-منظومات تكنولوجيا السلوك التنظيمي:البنيان القوي-التجديد السلوكي وإدارة التغيير:الإستعداد للمستقبل | ||
| 653 | _aسلوك إقتصادي | ||
| 653 | _aسلوك تنظيمي | ||
| 942 | _cكتاب | ||
| 999 |
_c43176 _d43176 |
||